01485nam a22002775i 4500999001700000003000900017005001700026008004100043020001800084040004300102082001700145100005000162245006200212264006700274300003300341336002600374337002800400338002700428520044400455650004500899650005300944653002300997655001701020942001201037952015801049 c27915d27886EG-ScBUE20191217133310.0191130s2019 deu f 000 0 eng d a9781502551382 aEG-ScBUEbengerdacEG-ScBUEdEG-ScBUE04a192bWIT2221 aWittgenstein, Ludwig,‏d1889-1951,eauthor.1 aTractatus logico-philosophicus /cby Ludwig Wittgenstein. 1a[Middletown, Delaware] :b[publisher not identified],c[2019?] a61 unnumbered pages ;c24 cm atextbtxt2rdacontent aunmediatedbn2rdamedia avolumebnc2rdacarrier aPerhaps this book will be understood only by someone who has himself already had the thoughts that are expressed in it--or at least similar thoughts.--So it is not a textbook.--Its the purpose would be achieved if it gave pleasure to one person who read and understood it. The book deals with the problems of philosophy, and shows, I believe, that the reason why these problems are posed is that the logic of our language is misunderstood. 7aLogic, Symbolic and mathematical.2BUEsh 7aLanguage and languagesxPhilosophy.2BUEsh93198 bGGENcNovember2019 vReading book 2ddccBB 00102ddc40708BaccahaMAINbMAINcLOWd2019-11-30ePurchaseg210.00l1m9o192 WITp000048393r2025-07-15 00:00:00s2020-12-17v262.50w2019-11-30yBB